01200nam a2200349 i 45000010005000000030009000050050017000140080039000310150017000700400048000870410013001350460009001480800012001571000041001692450084002102460046002942600056003403000033003963800017004293880010004465040034004566580011004906500018005016500020005197100042005397000047005818560097006289420012007259990015007379520048007529520050008008330KOSZ 00520201106120627.0081006s1960 pl a f 001 0 pol aPB 1960/7800 aWA NcKOSZ 005/RWdKOSZ 005/RWdKOSZ 005/HR1 apolheng k1960 a544.0161 aLingane, James J.d(1909- ).eAutor.10aElektroanaliza chemiczna /cJames J. Lingane ; [przeł. z ang. Adam Hulanicki].1 iTyt. oryg.:aElectroanalytical chemistry. aWarszawa :bPaństwowe Wydawnictwo Naukowe,c1960. a606, [1] s. :bil. ;c25 cm. aKsiążki. a1901- aBibliogr. s. 17-[19]. Indeks. aChemia 4aElektrochemia 4aChemia fizyczna2 aPaństwowe Wydawnictwo Naukowe4pbl.1 aHulanicki, Adamd(1929-2019)eTłumaczenie uhttp://koha.tu.koszalin.pl/cgi-bin/koha/opac-detail.pl?biblionumber=8330yKatalog online BPK 2UKDcKS c8330d8330 00104070aBPKbBPKcwo4935p02193472yKS 00104070aBPKbBPKcwo4935/Lp02231297yKS